Statistiche per Nomi di paesi e territori derivati da persone

Clicka qui per fare il quiz!

Statistiche generali

  • Questo quiz è stato fatto 73 volte
    (72 dall'ultimo reset)
  • Il punteggio medio è 18 su 29

Statistiche sulle risposte

PersonaggioContinentePaese/TerritorioStatus% Corretto
Simon Bolivar (rivoluzionario venezuelano)AmericheBoliviaPaese
95%
Cristoforo Colombo (esploratore italiano)AmericheColombiaPaese
94%
Dinastia Liechtenstein (principi tedeschi)EuropaLiechtensteinPaese
94%
San Vincenzo (santo romano)AmericheSaint Vincent e GrenadinePaese
92%
Salomone (re ebreo)OceaniaIsole SalomonePaese
89%
Santa Lucia (santa romana)AmericheSaint LuciaPaese
89%
Juan de Bermudez (esploratore spagnolo)AmericheBermudaTerritorio britannico
87%
John Marshall (militare inglese)OceaniaIsole MarshallPaese
87%
James Cook (esploratore inglese)OceaniaIsole CookTerritorio neozelandese
83%
Jean Moreau de Séchelles (politico francese)AfricaSeychellesPaese
79%
Filippo II (re di Spagna)AsiaFilippinePaese
78%
Anthony Cary, visconte di Falkland (nobile scozzese)AmericheIsole FalklandTerritorio britannico
78%
Amerigo Vespucci (esploratore italiano)AmericheStati Uniti d'AmericaPaese
78%
Abd Al-aziz Al Saud (sovrano arabo)AsiaArabia SauditaPaese
73%
San Martino (santo romano)AmericheSaint MartinTerritorio francese
67%
Robert Pitcairn (marinaio inglese)OceaniaIsole PitcairnTerritorio britannico
65%
Sant'Elena (santa e imperatrice romana) e Tristao da Cunha (esploratore portoghese)AfricaSant'Elena, Ascensione e Tristan da CunhaTerritorio britannico
62%
San Cristoforo (santo greco)AmericheSaint Kitts e NevisPaese
57%
Maurizio di Nassau (principe olandese)AfricaMauritiusPaese
56%
San Tommaso (santo ebreo)AfricaSao Tomé e PrincipePaese
49%
San Martino (santo romano)AmericheSint MaartinTerritorio olandese
41%
Tariq ibn Ziyad (condottiero berbero)EuropaGibilterraTerritorio britannico
40%
Giacobbe (patriarca ebreo)AsiaIsraelePaese
40%
Mussa Bin Bique (sovrano africano)AfricaMozambicoPaese
37%
San Pietro (santo ebreo)AmericheSaint Pierre e MiquelonTerritorio francese
33%
Marianna d'Asburgo (regina consorte di Spagna)OceaniaIsole Marianne SettentrionaliTerritorio statunitense
27%
Bartolomeo Colombo (esploratore italiano)AmericheSaint BarthelemyTerritorio francese
25%
Giorgio III (re di Gran Bretagna) e John Montagu, conte di Sandwich (nobile inglese)AmericheGeorgia del Sud e Isole Sandwich AustraliTerritorio britannico
19%
Sant'Eustachio (santo romano)AmericheSint EustatiusTerritorio olandese
16%

Distribuzione punteggi

Percentile per numero di risposta

Percentuale di utenti per punteggio

I tuoi punteggi nel tempo

Non hai fatto questo quiz dall'ultimo reset